|
|
|
|
| LEADER |
01035nam a2200229 a 4500 |
| 001 |
GR-MES2042 |
| 008 |
991111s gr 000 0 gre d |
| 020 |
|
|
|a 9603510823
|
| 040 |
|
|
|a GrPaTEI
|b gre
|c GR-PaULI
|
| 245 |
0 |
0 |
|a Μετάφραση αγγλικών =
|b passages on economics.
|
| 260 |
|
|
|a Πειραιάς :
|b Σταμούλης Α
|
| 300 |
|
|
|a 198σελ.
|
| 650 |
|
4 |
|a ΑΓΓΛΙΚΗ ΓΛΩΣΣΑ
|
| 650 |
|
4 |
|a ΜΕΤΑΦΡΑΣΗ
|
| 650 |
|
4 |
|a Οικονομία
|
| 700 |
1 |
|
|a Πολυδώρου, Γ.
|
| 710 |
0 |
|
|a Σταμούλης Α.Ε.
|
| 942 |
|
|
|2 ddc
|
| 952 |
|
|
|0 0
|1 0
|2 ddc
|4 0
|6 330_000000000000000_ΠΟΛ
|7 0
|9 266344
|a MSLG
|b MSLG
|c BSC
|d 2021-01-17
|e 24
|f 0
|g 0.00
|l 0
|o 330 ΠΟΛ
|p 2420000005381
|r 2021-01-17 00:00:00
|t 1
|w 2021-01-17
|y BK15
|x 19991111 0 1
|x GrPaTEI
|
| 952 |
|
|
|0 0
|1 0
|2 ddc
|4 0
|6 330_000000000000000_ΠΟΛ
|7 0
|9 266345
|a MSLG
|b MSLG
|c BSC
|d 2021-01-17
|e 24
|f 0
|g 0.00
|l 0
|o 330 ΠΟΛ
|p 2420000017740
|r 2021-01-17 00:00:00
|t 1
|w 2021-01-17
|y BK15
|x 20000525 0 1
|x GrPaTEI
|
| 971 |
|
|
|a .b25730861
|b 16-04-20
|c 13-09-16
|
| 999 |
|
|
|c 153205
|d 153205
|